00652nam a2200241 a 4500001001300000003000900013005001700022008004100039020001100080082001800091100001800109245001900127260002900146300000800175500003500183505001000218650001900228700001800247902000800265942000700273952011500280999001500395nice12345678IN_TiNIC20260116012333.0050524s1967 bhoa grp 000 0 urd  ac0.2500a297.1226bANS aAnsari, Aiyaz aFikr-E-Qur`an. aBhopalbAlvi Pressc1967 a32p aincludes index and biblioraphy2 aIndex aQuran-Theology1 aAnsari, Aiyaz bSRS cBK 001040708StackRoom-aHMIbHMId2007-08-01g0.25l0o297.1226 ANSp011395r2007-08-01v0.25w2005-05-24yBK c6618d6618